The big nine (Record no. 113187)
[ view plain ]
| 000 -LEADER | |
|---|---|
| fixed length control field | 01240cad a22002295a 4500 |
| 001 - CONTROL NUMBER | |
| control field | L154839 |
| 008 - FIXED-LENGTH DATA ELEMENTS--GENERAL INFORMATION | |
| fixed length control field | 120123s2012 xxkad f s 000 0 eng d |
| 035 ## - SYSTEM CONTROL NUMBER | |
| System control number | (Sirsi) u154839 |
| 041 0# - LANGUAGE CODE | |
| Language code of text/sound track or separate title | eng |
| 110 2# - MAIN ENTRY--CORPORATE NAME | |
| Corporate name or jurisdiction name as entry element | GVA |
| 9 (RLIN) | 5945 |
| 245 04 - TITLE STATEMENT | |
| Title | The big nine |
| Remainder of title | quarterly review of the regional office occupier markets Q4 2011 |
| Medium | [electronic resource] |
| 260 ## - PUBLICATION, DISTRIBUTION, ETC. | |
| Place of publication, distribution, etc. | [S.l.] |
| Name of publisher, distributor, etc. | GVA |
| Date of publication, distribution, etc. | 2012 |
| 490 #0 - SERIES STATEMENT | |
| Series statement | GVA Big Nine Quarterly Review of the Regional Office Occupier Markets |
| 505 2# - FORMATTED CONTENTS NOTE | |
| Formatted contents note | Summary -- City centre -- Out-of-town -- In focus: Leeds. |
| 520 ## - SUMMARY, ETC. | |
| Summary, etc. | Covers take-up in the big nine regional office occupier markets: Birmingham; Bristol; Cardiff; Edinburgh; Glasgow; Leeds; Liverpool; Manchester; and Newcastle. City centre take-up totalled 977 500 sq ft in Q4, 4% below the quarterly average. Out-of- town take-up was 549 000 sq ft in Q4, 2% below the quarterly average. Lists top five city centre and top five out-of-town deals. In focus: Leeds covers the market movement and outlook. |
| 590 ## - LOCAL NOTE (RLIN) | |
| Local note | KA NTK |
| 650 24 - SUBJECT ADDED ENTRY--TOPICAL TERM | |
| Topical term or geographic name entry element | GVA BIG NINE QUARTERLY REVIEW |
| 651 #4 - SUBJECT ADDED ENTRY--GEOGRAPHIC NAME | |
| Geographic name | United Kingdom |
| Chronological subdivision | |
| 690 ## - LOCAL SUBJECT ADDED ENTRY--TOPICAL TERM (OCLC, RLIN) | |
| Topical term or geographic name as entry element | Commercial property |
| 9 (RLIN) | 6227 |
| 856 40 - ELECTRONIC LOCATION AND ACCESS | |
| Uniform Resource Identifier | <a href="https://www.gva.co.uk/research/offices/">https://www.gva.co.uk/research/offices/</a> |
| Public note | View the report free of charge at www.gva.co.uk |
| 942 ## - ADDED ENTRY ELEMENTS (KOHA) | |
| Suppress in OPAC | 0 |
| Withdrawn status | Lost status | Source of classification or shelving scheme | Damaged status | Not for loan | Home library | Current library | Shelving location | Date acquired | Total Checkouts | Full call number | Barcode | Date last seen | Copy number | Price effective from | Koha item type |
|---|---|---|---|---|---|---|---|---|---|---|---|---|---|---|---|
| Dewey Decimal Classification | Virtual | Virtual | Online | 23/01/2012 | ONLINE PUBLICATION | 154839-2001 | 06/08/2019 | 1 | 06/08/2019 | Book |